000 00571nam a2200217Ia 4500
005 20250326144706.0
008 250326s9999 xx 000 0 und d
020 _a978-81-314-0767-7
037 _aTextbook
040 _aFMSL
_beng
_cFMSL
041 _aeng
_2eng
084 _aX:9 Q0
_qFMSL
100 _aThakar B
_9750009
245 0 _aPeople management : perspectivs and practices
_cThakar B
260 _aIndia
_bIndia, ICFAI
_c2010
300 _a234p
365 _b750
650 _aManagement
942 _cTB
_hX:9 Q0
999 _c1304642
_d1304642